书目信息 |
| 题名: |
政治学与女性主义
|
|
| 作者: | 阿内尔 著 ;郭夏娟 译 | |
| 分册: | ||
| 出版信息: | 北京 东方出版社 2005 |
|
| 页数: | 402页 | |
| 开本: | 21cm | |
| 丛书名: | 政治法律哲学 | |
| 单 册: | ||
| 中图分类: | D440 | |
| 科图分类: | ||
| 主题词: | 女权运动--政治学--研究 , 女权运动 , 政治学 | |
| 电子资源: | ||
| ISBN: | 7-5060-2237-0 | |
| 000 | 01099oam2 2200313 450 | |
| 001 | 003047988 | |
| 005 | 20061206164942.00 | |
| 010 | @a7-5060-2237-0@dCNY32.00 | |
| 100 | @a20051261d2005 em y0chiy0110 ea | |
| 101 | 1 | @achi@ceng |
| 102 | @aCN@b110000 | |
| 105 | @ay z 001yy | |
| 200 | 1 | @a政治学与女性主义@9zheng zhi xue yu nv xing zhu yi@dPolitics & feminism@f(加)巴巴拉·阿内尔(Barbara Arneil)著@g郭夏娟译@zeng |
| 210 | @a北京@c东方出版社@d2005 | |
| 215 | @a402页@d21cm | |
| 225 | 2 | @a政治法律哲学 |
| 305 | @a据英国牛津布莱克韦尔出版有限公司1999年版译出,据与该公司所定协议出版 | |
| 330 | @a本书介绍了政治学与女性主义、边界的划分、公共领域与私人领域、女性主义的批评、文化与自然、女性主义批评等内容。 | |
| 461 | 0 | @12001 @a政治法律哲学 |
| 510 | 1 | @aPolitics & feminism@zeng |
| 606 | 0 | @a女权运动@x政治学@x研究 |
| 606 | 0 | @a女权运动 |
| 606 | 0 | @a政治学 |
| 610 | 0 | @a女性主义 |
| 690 | @aD440@v4 | |
| 701 | 0 | @c(加)@a阿内尔@9a nei er@c(Arneil, Barbara)@4著 |
| 702 | 0 | @a郭夏娟@9guo xia juan@c(公共行政伦理学)@4译 |
| 801 | 0 | @aCN@bNLC@c20061206 |
| 905 | @a10447@dD440@e42 | |
| 政治学与女性主义=Politics & feminism/(加)巴巴拉·阿内尔(Barbara Arneil)著/郭夏娟译.-北京:东方出版社,2005 |
| 402页;21cm.-(政治法律哲学) |
| ISBN 7-5060-2237-0:CNY32.00 |
| 本书介绍了政治学与女性主义、边界的划分、公共领域与私人领域、女性主义的批评、文化与自然、女性主义批评等内容。 |
| ● |
| 相关链接 |
|
|
|
|
正题名:政治学与女性主义
索取号:D440/42
 
预约/预借
| 序号 | 登录号 | 条形码 | 馆藏地/架位号 | 状态 | 备注 |
| 1 | 0392031 | 203920310 | 第一样本阅览室/ [索取号:D440/42] | 在馆 | |
| 2 | 0392032 | 203920329 | 第一借阅区/ [索取号:D440/42] | 在馆 | |
| 3 | 0392033 | 203920338 | 第一借阅区/ [索取号:D440/42] | 在馆 | |
| 4 | 0392034 | 203920347 | 第一借阅区/ [索取号:D440/42] | 在馆 | |
| 5 | 0392035 | 203920356 | 第一借阅区/ [索取号:D440/42] | 在馆 | |
| 6 | 0618113 | 206181139 | 第一借阅区/ [索取号:D440/42] | 在馆 | |
| 7 | 0618114 | 206181148 | 第一借阅区/ [索取号:D440/42] | 在馆 | |
| 8 | 0618115 | 206181157 | 第一借阅区/ [索取号:D440/42] | 在馆 | |
| 9 | 0618116 | 206181166 | 第一借阅区/ [索取号:D440/42] | 在馆 | |
| 10 | 0618117 | 206181175 | 第一借阅区/ [索取号:D440/42] | 在馆 |